Expo Hormigón 2001. Feria Internacional de moldajes y terminaciones superficiales de hormigón

Uloženo v:
Podrobná bibliografie
Korporace: Instituto del Cemento y del Hormigón de Chile (Autor), ICH (Autor)
Médium: Kniha
Jazyk:španělština
Vydáno: Santiago ICH 2001
Témata:
On-line přístup:carátula frontal
Tagy: Přidat tag
Žádné tagy, Buďte první, kdo vytvoří štítek k tomuto záznamu!

MARC

LEADER 00000nam a2200000 a 4500
001 UCI5017
003 CL-VaPUC
008 080311e20010000cl 1 spa d
082 0 4 |a 693.5  |b INS  |2 21 
110 2 |a Instituto del Cemento y del Hormigón de Chile  |e author  |9 621149 
710 2 |a ICH  |e author  |9 621150 
245 1 0 |a Expo Hormigón 2001. Feria Internacional de moldajes y terminaciones superficiales de hormigón 
260 |a Santiago  |b ICH  |c 2001 
300 |a pág. irreg 
650 0 0 |a Materiales de construcción  |9 260197 
650 0 7 |a HORMIGON ARMADO  |2 CL-VaPUC  |9 621151 
650 0 7 |a MOLDAJES  |2 CL-VaPUC  |9 479366 
650 0 7 |a TECNOLOGIA DE LA CONSTRUCCION  |2 CL-VaPUC  |9 260196 
856 7 |f UCI5017_01.jpg  |q JEPG  |2 file  |z carátula frontal  |u http://opac.pucv.cl/pucv_img/Img-5000/UCI5017_01.jpg 
942 |c BK 
945 |a cmena  |d 20080311 00:00:00 
546 |a En Español 
536 |a ICH 
518 |p Expo Hormigón 2001 Feria Internacional de Moldajes y Terminaciones Superficiales de Hormigón, 2, Santiago, 26 al 29 de septiembre 2001 
999 |c 384333  |d 384331 
583 |k Rodrigo Vera